Southville International School and Colleges
Your cart is empty.
  • Cart
  • Lists
    Public lists Eva Luna New books Lux_list list_1
    Your lists Log in to create your own lists
  • Log in to your account
  • Your cookies
  • Search history
Southville International School and Colleges
  • Advanced search
  • Recent comments
  • Most popular
  • Libraries

Log in to your account

Log in with GOOGLE


If you do not have an external account, but do have a local account, you can still log in:

  1. Home
  2. MARC view: House of danger /
Normal view MARC view ISBD view

House of danger / (Record no. 1127)

[ view plain ]
MARC details
000 -LEADER
fixed length control field 00865cam a22002657a 4500
001 - CONTROL NUMBER
control field 14282593
003 - CONTROL NUMBER IDENTIFIER
control field OSt
005 - DATE AND TIME OF LATEST TRANSACTION
control field 20160727143711.0
008 - FIXED-LENGTH DATA ELEMENTS--GENERAL INFORMATION
fixed length control field 060301p20051982maua j 000 1 eng
010 ## - LIBRARY OF CONGRESS CONTROL NUMBER
LC control number 2006272273
020 ## - INTERNATIONAL STANDARD BOOK NUMBER
International Standard Book Number 0553225413
040 ## - CATALOGING SOURCE
Original cataloging agency DLC
Transcribing agency DLC
050 00 - LIBRARY OF CONGRESS CALL NUMBER
Classification number PZ 7
Item number .M787 1982
082 ## - DEWEY DECIMAL CLASSIFICATION NUMBER
Classification number KF
Item number M76h #15
100 1# - MAIN ENTRY--PERSONAL NAME
Personal name Montgomery, R. A.
9 (RLIN) 5262
245 10 - TITLE STATEMENT
Title House of danger /
Statement of responsibility, etc by R.A. Montgomery ; illustrated by Ralph Reese.
260 ## - PUBLICATION, DISTRIBUTION, ETC. (IMPRINT)
Place of publication, distribution, etc Toronto :
Name of publisher, distributor, etc Bantam Books,
Date of publication, distribution, etc c1982.
300 ## - PHYSICAL DESCRIPTION
Extent 108 p.
Other physical details ill. ;
Dimensions 18 cm.
490 0# - SERIES STATEMENT
Series statement Choose your own adventure ;
Volume number/sequential designation 6
562 ## - COPY AND VERSION IDENTIFICATION NOTE
Number of copies For circulation. 1 copy available in the collection
906 ## - LOCAL DATA ELEMENT F, LDF (RLIN)
a 7
b cbc
c origres
d 4
e ncip
f 20
g y-gencatlg
942 ## - ADDED ENTRY ELEMENTS (KOHA)
Source of classification or shelving scheme Library of Congress Classification
Koha item type Books
Holdings
Withdrawn status Lost status Source of classification or shelving scheme Damaged status Home library Current library Shelving location Date acquired Total Checkouts Full call number Barcode Date last seen Date checked out Copy number Price effective from Koha item type
    Library of Congress Classification   Luxembourg Library Luxembourg Library Kids Fiction Section 04/17/2012 1 PZ 7 .M787 1982 12907 05/02/2019 04/01/2019 1 10/03/2013 Books

House of danger /

APA

Montgomery R. A., . (1982). House of danger. Toronto: Bantam Books.

Chicago

Montgomery R A, . 1982. House of danger. Toronto: Bantam Books.

Harvard

Montgomery R. A., . (1982). House of danger. Toronto: Bantam Books.

MLA

Montgomery R A, . House of danger. Toronto: Bantam Books. 1982.

  • Place hold
  • Print
  • Cite
  • Add to your cart (remove)
  • Save record
    BIBTEX Dublin Core MARCXML MARC (non-Unicode/MARC-8) MARC (Unicode/UTF-8) MARC (Unicode/UTF-8, Standard) MODS (XML) RIS
  • More searches
    Search for this title in:
    Other Libraries (WorldCat) Other Databases (Google Scholar) Online Stores (Bookfinder.com) Open Library (openlibrary.org)

Exporting to Dublin Core...

SOUTHVILLE LIBRARY

Southville International School and Colleges Library

1281 Tropical Ave. Cor. Luxembourg St., BF Homes International, Las Pinas City

Tel. No. 8256374 / 252358 Loc. 117/146

Powered by Koha